00791cam a2200241 a 450000100090000000300120000900500170002100800410003801000170007902000160009604000180011205000220013008200250015210000210017724500800019825000120027826000550029030000330034544000610037850400510043965000250049070000340051512269611Nust- CAS-E20180118181403.0010104s2001 njua b 001 0 eng  a 2001016394 a0201824981  aDLCcDLCdDLC00aTK9145b.L28 200100a621.48221bLAM 20011 aLamarsh, John R.10aIntroduction to nuclear engineering /cJohn R. Lamarsh, Anthony J. Baratta. a3rd ed. aUpper Saddle River, N.J. :bPrentice Hall,cc2001. axv, 783 p. :bill. ;c25 cm. 0aAddison-Wesley series in nuclear science and engineering aIncludes bibliographical references and index. 0aNuclear engineering.1 aBaratta, Anthony John,d1945-